<?xml version="1.0" encoding="UTF-8"?>
<record
    xmlns:xsi="http://www.w3.org/2001/XMLSchema-instance"
    xsi:schemaLocation="http://www.loc.gov/MARC21/slim http://www.loc.gov/standards/marcxml/schema/MARC21slim.xsd"
    xmlns="http://www.loc.gov/MARC21/slim">

  <leader>00755nam a22001577a 4500</leader>
  <controlfield tag="008">100421t        xxu||||| |||| 00| 0 eng d</controlfield>
  <datafield tag="082" ind1=" " ind2=" ">
    <subfield code="2">21</subfield>
    <subfield code="a">364.95</subfield>
    <subfield code="b">&#x631; &#x636; &#x627;</subfield>
  </datafield>
  <datafield tag="100" ind1=" " ind2=" ">
    <subfield code="9">13643</subfield>
    <subfield code="a">&#x631;&#x636;&#x627;, &#x639;&#x627;&#x62F;&#x644;</subfield>
  </datafield>
  <datafield tag="245" ind1=" " ind2=" ">
    <subfield code="a">&#x648;&#x635;&#x641;&#x649; &#x627;&#x644;&#x62A;&#x644;:</subfield>
    <subfield code="b">&#x627;&#x644;&#x642;&#x627;&#x62A;&#x644; &#x648; &#x627;&#x644;&#x642;&#x62A;&#x64A;&#x644;: &#x627;&#x644;&#x623;&#x63A;&#x62A;&#x64A;&#x627;&#x644; &#x641;&#x649; &#x627;&#x644;&#x641;&#x643;&#x631; &#x627;&#x644;&#x642;&#x627;&#x646;&#x648;&#x646;&#x649; &#x648;&#x627;&#x644;&#x633;&#x64A;&#x627;&#x633;&#x649; /</subfield>
    <subfield code="c">&#x639;&#x627;&#x62F;&#x644; &#x631;&#x636;&#x627;</subfield>
  </datafield>
  <datafield tag="260" ind1=" " ind2=" ">
    <subfield code="a">&#x627;&#x644;&#x642;&#x627;&#x647;&#x631;&#x629;&#x61B;</subfield>
    <subfield code="a">&#x628;&#x64A;&#x631;&#x648;&#x62A; :</subfield>
    <subfield code="b">&#x647;&#x64A;&#x631;&#x62F;&#x648;&#x62A; ,</subfield>
    <subfield code="c">&#x633;.1972.</subfield>
  </datafield>
  <datafield tag="300" ind1=" " ind2=" ">
    <subfield code="a">511 &#x635;,</subfield>
    <subfield code="c">21 &#x633;&#x645;.</subfield>
  </datafield>
  <datafield tag="650" ind1=" " ind2=" ">
    <subfield code="9">13645</subfield>
    <subfield code="a">&#x627;&#x644;&#x62A;&#x644;, &#x648;&#x635;&#x641;&#x649; - 1919-1971 </subfield>
  </datafield>
  <datafield tag="650" ind1=" " ind2=" ">
    <subfield code="9">13644</subfield>
    <subfield code="a">&#x627;&#x644;&#x625;&#x63A;&#x62A;&#x64A;&#x627;&#x644; &#x627;&#x644;&#x633;&#x64A;&#x627;&#x633;&#x649; - &#x62A;&#x627;&#x631;&#x64A;&#x62E;</subfield>
  </datafield>
  <datafield tag="942" ind1=" " ind2=" ">
    <subfield code="2">ddc</subfield>
    <subfield code="c">BB</subfield>
  </datafield>
  <datafield tag="999" ind1=" " ind2=" ">
    <subfield code="c">13922</subfield>
    <subfield code="d">13922</subfield>
  </datafield>
  <datafield tag="952" ind1=" " ind2=" ">
    <subfield code="0">0</subfield>
    <subfield code="1">0</subfield>
    <subfield code="2">ddc</subfield>
    <subfield code="4">0</subfield>
    <subfield code="7">0</subfield>
    <subfield code="8"> </subfield>
    <subfield code="a">MAIN</subfield>
    <subfield code="b">MAIN</subfield>
    <subfield code="c">1ST</subfield>
    <subfield code="d">2010-04-21</subfield>
    <subfield code="e">purchase</subfield>
    <subfield code="l">0</subfield>
    <subfield code="o">364.95 &#x631;&#x636;&#x627;</subfield>
    <subfield code="p">000020449</subfield>
    <subfield code="r">2025-07-15 00:00:00</subfield>
    <subfield code="y">BB</subfield>
  </datafield>
</record>
